Fortified cities in ancient India / (Record no. 53327)

MARC details
000 -LEADER
fixed length control field 01229nam a22002537a 4500
005 - DATE AND TIME OF LATEST TRANSACTION
control field 20110628104557.0
010 ## - LCCN (DPL NO)
LC control number ENG-102805 B-463678-679
020 ## - INTERNATIONAL STANDARD BOOK NUMBER
International Standard Book Number 8181820428
Terms of availability 795.00
035 ## - SYSTEM CONTROL NUMBER
System control number EN-86338 B-463678-679
037 ## - SOURCE OF ACQUISITION
Source of stock number/acquisition DBAD/PUB
037 ## - SOURCE OF ACQUISITION
Source of stock number/acquisition RBC/Ven
082 ## - DEWEY DECIMAL CLASSIFICATION NUMBER
Classification number 930
100 ## - MAIN ENTRY--PERSONAL NAME
Personal name Mishra, Ratanlal
245 ## - TITLE STATEMENT
Title Fortified cities in ancient India /
Statement of responsibility, etc by Ratanlal Mishra
260 ## - PUBLICATION, DISTRIBUTION, ETC. (IMPRINT)
Place of publication, distribution, etc Jaipur
Name of publisher, distributor, etc Literary Circle
Date of publication, distribution, etc 2008
270 ## - ADDRESS
Address c-12/13,First Floor,Opp.Khandelwal Girls Colleage,Sansar Chandra Road
City Jaipur
Postal code 302001
300 ## - PHYSICAL DESCRIPTION
Extent 123p. :
Other physical details 24cm (Hb)
Dimensions ill.,map
500 ## - GENERAL NOTE
General note Includes bibliographical references
942 ## - ADDED ENTRY ELEMENTS (KOHA)
Source of classification or shelving scheme Dewey Decimal Classification
Item type English Books
Call number suffix MIS
Classification part 930
Holdings
Withdrawn status Lost status Not for loan Collection code Home library Current library Date acquired Source of acquisition Cost, normal purchase price Full call number Barcode Copy number Cost, replacement price Koha item type
      Non-fiction Central Library Central Library 04/09/2012 RBC/27490/07.02.2012/18/16.01.2012/17.02.2012 795.00 930 MIS B-463678 1 795.00 English Books
    Not For Loan Non-fiction D.B.Act.Division D.B.Act.Division 28/06/2011 DBAD / PUB 795.00 930 MIS EN-86338 1 795.00 English Books
      Non-fiction Sarojini Nagar Sarojini Nagar 04/09/2012 RBC/27490/07.02.2012/18/16.01.2012/17.02.2012 795.00 930 MIS B-463679 1 795.00 English Books

© Delhi Public Library
Hit Counter
free hit counter